000 00732nam a2200205 i 4500
001 187027
003 SpMaBN
005 20230906222811.0
008 170403s1992 sp aeo |||| | spa d
020 _a84-7719-256-1
080 _a72.036(460.181 L.)
100 1 _aSerrano Laso, Manuel.
_9105771
245 1 0 _aArquitectura doméstica en León a principio de siglo (1900-1923)
_b: la pervivencia del eclecticismo /
_cManuel Serrano Laso.
260 _aLeón :
_bUniversidad, Secretariado de Publicaciones,
_c1992.
300 _a163 p. :
_bil., planos, fot. ;
_c24 cm.
504 _aBibliografía: p. 121-125.
650 7 _aArquitectura-
_zLeón.
_9162268
710 2 _aUniversidad de León.
_97200
852 _aES-MaACL
_jL-31348
999 _c187027
_d187027